KOHA-Header-6

Operations Management with CD-ROM (Record no. 9485)

000 -LEADER
fixed length control field 00268nam a2200109Ia 4500
100 ## - MAIN ENTRY--AUTHOR NAME
Personal name Ray Wild
245 #0 - TITLE STATEMENT
Title Operations Management with CD-ROM
260 ## - PUBLICATION, DISTRIBUTION, ETC. (IMPRINT)
Place of publication New Jersey
Name of publisher Thomson South
Year of publication 1997
300 ## - PHYSICAL DESCRIPTION
Number of Pages 604
942 ## - ADDED ENTRY ELEMENTS (KOHA)
Koha item type Books
Holdings
Withdrawn status Lost status Permanent Location Current Location Date acquired Full call number Accession Number Koha item type
    MAJU MAJU 2019-09-14 658.15 5261 Books

Powered by Koha